00382cam a2200145ua 4500020002700000041001000027082001900037100002200056245006500078250001200143260005100155300001300206365001200219504000500231 a81-242-0109-9c1500.00 aengh a378.33bVOH/MA aVohra, Amrit Lal. aManual of UGC Schemes / cAmritlal Varma.hTextual Documents a1 / b. aNew Delhi : bCrest Publishing House , c1997. a1090 ; . a1500.00 a